Score 0/18 Timer 02:00
1 Play Today
Hint Four-letter Word % Correct
*Spherical sports object*BALL
98.5%
Owl callHOOT
94.6%
*Number of sides of a rectangle*FOUR
93.9%
To stand ready for a photoPOSE
93.8%
Required equipment for vaultingPOLE
90.9%
What is done to one's own hornTOOT
90.5%
Blog entryPOST
87.4%
Having a disgusting smell FOUL
87.2%
Guided excursionTOUR
86.4%
Hint Four-letter Word % Correct
Epic non-successFAIL
85.7%
To entertainHOST
84.8%
Brick privacy structureWALL
83.8%
Loud cryWAIL
82.9%
*Slower than trot, canter, or gallop*WALK
81.4%
Solicit, bragTOUT
79.1%
To frustrate or thwart plansFOIL
78.5%
Procol Harum's shadePALE
74.8%
Cloak or shroudPALL
73.6%

Today's Daily Dose

Quick Pick
Colorful Movies

Get the Picture
Dog Breeds II

Remove Ads.
Support Sporcle.
Get the best of Sporcle when you Go Orange. This ad-free experience offers more features, more stats, and more fun while also helping to support Sporcle. Thank you for becoming a member.

You're not logged in!

Compare scores with friends on all Sporcle quizzes.
OR
Log In

Show Comments

Extras

Top Quizzes Today


Score Distribution

Your Account Isn't Verified!

In order to create a playlist on Sporcle, you need to verify the email address you used during registration. Go to your Sporcle Settings to finish the process.

Report this User

Report this user for behavior that violates our Community Guidelines.

Details: